000 01498cam a2200337 a 4500
001 1165062
003 OSt
005 20180116192411.0
008 961114s1997 quca b 001 0 eng
010 _a 96049785
020 _a0262024225 (hc : alk. paper)
040 _aDLC
_cDLC
_dDLC
043 _ae------
050 0 0 _aNA958.5.C83
_bA73 1997
082 0 0 _a720/.94/09041
_221
245 0 0 _aArchitecture and cubism /
_cedited and with an introduction by Eve Blau and Nancy J. Troy ; essays by David Cottington ... [et al.].
260 _aMontréal :
_bCentre canadien d'architecture/Canadian Centre for Architecture ;
_aCambridge, Mass. :
_bMIT Press,
_c2002
300 _axi, 264 p. :
_bill. ;
_c24 cm.
500 _a"Many of the essays in this book were originally presented at a colloquium organized by the Canadian Centre for Architecture"--Pref.
504 _aIncludes bibliographical references and index.
650 1 0 _aCubism (Architecture)
_zEurope.
_95955
650 1 0 _aCubism
_zEurope
_xInfluence.
_95956
700 1 _aBlau, Eve.
_95957
700 1 _aTroy, Nancy J.
_95958
700 1 _aCottington, David.
_95959
710 2 _aCentre canadien d'architecture.
_95960
906 _a7
_bcbc
_corignew
_d1
_eocip
_f19
_gy-gencatlg
942 _2ddc
_cBK
999 _c353552
_d353552